| 000 | 00590cam a22002051 4500 | ||
|---|---|---|---|
| 001 | med48001104 | ||
| 003 | DLC | ||
| 005 | 20260227111610.0 | ||
| 008 | 791026s1944 fr ac 000 0 fre | ||
| 010 | _amed48001104 | ||
| 035 | _a(OCoLC)5592052 | ||
| 040 |
_aDLC _cNBiSU _dWU-M _dDLC |
||
| 050 | 0 | 0 |
_aR507.A1 _bV3 |
| 100 | 2 |
_aVallery-Radot, Pierre, _d1889- |
|
| 245 | 0 | 0 |
_aChirurgiens d'autrefois: _bla famille d'Eugeǹe Sue. |
| 260 |
_a[Paris] _bRicou [et] Ocia _c[1944] |
||
| 300 |
_a214, [1] p. _billus., ports. _c25 cm. |
||
| 600 | 3 | 0 | _aSue family. |
| 650 | 0 |
_aPhysicians _vCorrespondence |
|
| 999 |
_c38979 _d38979 |
||